| 000 | 00535nam a2200145 i 4500 | ||
|---|---|---|---|
| 001 | 58977 | ||
| 003 | ES-MaACL | ||
| 005 | 20230906163931.0 | ||
| 007 | t| | ||
| 008 | 031027s1970 sp ||||1| spa d | ||
| 245 | 0 | 0 |
_aComités técnicos de economía papelera _b: personal de ventas, planificación, contable, marketing, mantenimiento y acción concertada... |
| 260 |
_aMadrid : _bAsociación de Investigación Técnica de la Industria Papelera Española, _c1970. |
||
| 300 |
_a202 p. ; _c23 cm. |
||
| 852 |
_aES-MaACL _jC-47463 _bR.77453 |
||
| 999 |
_c58977 _d58977 |
||